Normal view
MARC view
- علم النفس-تحليل الشخصيات
Entry Topical Term
001 - CONTROL NUMBER
- control field: 21603
003 - CONTROL NUMBER IDENTIFIER
- control field: JO-AjAnu
005 - DATE AND TIME OF LATEST TRANSACTION
- control field: 20230606073736.0
008 - FIXED-LENGTH DATA ELEMENTS
- fixed length control field: 230606|| aca||aabn | a|a d
040 ## - CATALOGING SOURCE
- Original cataloging agency: JO-AjAnu
- Transcribing agency: JO-AjAnu
150 ## - HEADING--TOPICAL TERM
- Topical term or geographic name entry element: علم النفس-تحليل الشخصيات
670 ## - SOURCE DATA FOUND
- Source citation: Work cat.: (JO-AjAnu)11099: الجبوري،جاسم محمد ، أمين،زين الدين ، العرتوفي،رقية فيصل, author 21602, قوة البرمجة العقلية :الهندسة العقلية استراتيجية تغيير اسلوب الحياة